000 00892nas a2200301 4500
001 BR2013010711
003 BR-BrBNA
005 20231205123509.0
007 ta
008 230509b bl.|||p| |||| 00| 00por d
040 _aBR-BrBNA
_bpor
_cBiblioteca Nacional de Agricultura
041 _a(Pt)
072 _aK50
100 1 _aNapoli, L.M.
100 1 _aSanches, F.L.
100 1 _aIwakiri, S.
100 1 _aHillig, E.
245 1 _aPropriedades físicas da madeira e de painéis aglomerados produzidos com misturas de espécies florestais
650 _aPAINEL DE MADEIRA
650 _aFÍSICA
650 _aPINHEIRO
650 _aEUCALIPTO
650 _aINDÚSTRIA FLORESTAL
650 _aBRACATINGA
773 0 _tFloresta (Brazil)
_xISSN 0015-3826
_g(Jul-Sep 2013), v. 43(3) p. 475-484
_wBR2013010711
909 _a202311
_bLúcia
_c55
_dLúcia Elande
942 _2AGRIS
_n0
_cANA
999 _c234204
_d234204